| 000 | 00601nam a2200133Ia 4500 | ||
|---|---|---|---|
| 008 | 171207s9999 xx 000 0 und d | ||
| 100 | _aBulger, Monica | ||
| 245 | _aWhere policy and practice collide: Comparing United States, South African and European Union approaches to protecting children online | ||
| 245 | _cMonica Bulger, Patrick Burton, Brian O’Neill, Elisabeth Staksrud | ||
| 260 | _c2017 | ||
| 300 | _apages 750-764, May 2017 | ||
| 440 |
_aNew Media & Society _v19:5 |
||
| 650 | _aBULLYING, CHILD PORNOGRAPHY, INTERNET, EUROPE, LEGISLATION, LEGITIMACY, SOUTH AFRICA, UNITED STATES, YOUTH | ||
| 999 |
_c347536 _d347536 |
||